|
|
|
|
| LEADER |
00000nab a2200000 a 4500 |
| 001 |
vtls000878690 |
| 003 |
SK-MaSNL |
| 005 |
20260304125703.0 |
| 008 |
250429c2004 xo 0 slo |
| 015 |
|
|
|a SNBRB2004/07-21154
|
| 035 |
|
|
|a CLN000230238
|
| 035 |
|
|
|a urn:nbn:sk:snk-ab6t0b
|
| 035 |
|
|
|a (uuid)b6a27617-743a-4b01-bff4-eb4fc102207a
|
| 035 |
|
|
|a (urnnbn)urn:nbn:sk:snk:ar-a05ovd
|
| 035 |
|
|
|a (sysno)vtls000878690
|
| 040 |
|
|
|a SNKBUCL
|b slo
|c SNKBUCL
|e AACR2
|
| 041 |
0 |
|
|a slo
|
| 044 |
|
|
|a xo
|c SK
|
| 080 |
|
|
|a 616.24-008-097:616-99:615.2
|2 1997
|
| 100 |
1 |
|
|a Šimorová, E.
|4 aut
|9 1438932
|
| 245 |
1 |
0 |
|a Liekmi indukované postihnutia pľúc pri liečbe systémových autoimunitných ochorení
|c E. Šimorová, J. Rovenský, L. Chovan
|
| 246 |
1 |
1 |
|a Drug-induced pulmonary injuries in treatment of systemic autoimmunity diseases
|
| 300 |
|
|
|b Obr., tab.
|
| 504 |
|
|
|a Res. angl., slov.
|
| 504 |
|
|
|a Bibliogr. odkazy
|
| 650 |
0 |
7 |
|a choroby autoimunitné
|x etiológia
|x patológia
|2 MESH
|9 1438933
|
| 650 |
0 |
7 |
|a choroby pľúc
|x chemicky indukované
|2 MESH
|9 1431250
|
| 650 |
0 |
7 |
|a salicyláty
|x účinky nežiadúce
|x toxicita
|x použitie terapeutické
|2 MESH
|9 1427502
|
| 650 |
0 |
7 |
|a zlato
|2 MESH
|9 17575
|
| 650 |
0 |
7 |
|a metotrexát
|x účinky nežiadúce
|x toxicita
|x použitie terapeutické
|2 MESH
|9 1438934
|
| 650 |
0 |
7 |
|a nesteroidné antiflogistiká
|2 MESH
|9 188973
|
| 655 |
|
7 |
|a články z novín a časopisov
|2 snkbucl
|9 267496
|
| 700 |
1 |
|
|a Rovenský, Jozef,
|d 1943-2024
|4 aut
|9 189097
|
| 700 |
1 |
|
|a Chovan, Ladislav,
|d 1955-2008
|4 aut
|9 216166
|
| 773 |
0 |
|
|t Rheumatologia
|g Roč. 18, č. 1 (2004), s. 47-51
|x 1210-1931
|
| 850 |
|
|
|a Slovenská národná knižnica
|
| 852 |
|
|
|a Slovenská národná knižnica
|
| 954 |
|
|
|a odborná, vedecká literatúra pôvodná (slovenská)
|2 lita
|
| 958 |
|
|
|a article27
|
| 958 |
|
|
|a MI
|
| 958 |
|
|
|a NB
|
| 958 |
|
|
|a OND
|
| 958 |
|
|
|a EUIPO
|
| 992 |
|
|
|a RBX
|
| 999 |
|
|
|c 2894517
|d 2896447
|